|
|
|
|
| LEADER |
01089nam a2200265 a 4500 |
| 001 |
11185546 |
| 008 |
840906s1983 enka 00110 eng d |
| 020 |
|
|
|a 0340332859 (pbk.)
|
| 040 |
|
|
|a NLM
|c NLM
|d DHU
|
| 082 |
0 |
0 |
|a 610.73/62
|2 19
|
| 100 |
1 |
|
|a Jepson, Marion E.
|
| 245 |
1 |
0 |
|a Community child health /
|c Marion E. Jepson.
|
| 260 |
|
|
|a London :
|b Hodder and Stoughton,
|c 1983.
|
| 300 |
|
|
|a viii, 248 p. :
|b ill. ;
|c 22 cm.
|
| 490 |
1 |
|
|a Modern nursing series
|
| 504 |
|
|
|a Includes bibliography: [p. 240-243] and index.
|
| 541 |
1 |
|
|e 00004352
|
| 650 |
2 |
0 |
|a Pediatric Nursing.
|
| 650 |
2 |
0 |
|a Child Care
|v nurses' instruction.
|
| 650 |
2 |
0 |
|a Child Development
|v nurses' instruction.
|
| 650 |
2 |
0 |
|a Child Health Services
|z Great Britain
|v nurses' instruction.
|
| 830 |
|
0 |
|a Modern nursing series.
|
| 852 |
4 |
|
|a Ayesha Abed Library
|j General Shelf.
|
| 999 |
|
|
|c 4274
|d 4274
|
| 952 |
|
|
|0 0
|1 0
|2 ddc
|4 0
|6 610_736200000000000_JEP_1983
|7 0
|9 3943
|a BRACUL
|b BRACUL
|c GEN
|d 2009-10-06
|g 0.00
|l 1
|m 1
|o 610.7362 JEP
|p 3010004352
|r 2010-06-22
|s 2010-05-30
|t 1
|w 2009-10-06
|y BK
|x No price found in the accession register.
|